| 000 | 00563nam a2200229Ia 4500 | ||
|---|---|---|---|
| 003 | OSt | ||
| 005 | 20250818162325.0 | ||
| 008 | 210210b2001 xxu||||| |||| 00| 0 eng d | ||
| 020 | _a8176492426 | ||
| 040 | _cAL | ||
| 041 | _aeng | ||
| 082 | _a581.076 LACI | ||
| 100 |
_aLack A J _9236246 |
||
| 245 | _aInstant notes plant biology | ||
| 260 |
_aNew Delhi _bViva Books Private Limited _c2001 |
||
| 300 | _avii,332Pp. | ||
| 650 |
_aInstant Notes _9236249 |
||
| 690 |
_aBotany _9236252 |
||
| 700 |
_aEvans D E _9236253 |
||
| 906 | _a061202 | ||
| 942 |
_2ddc _cBK |
||
| 999 |
_c107888 _d107888 |
||